000 00620nam a2200241Ia 4500
003 OSt
005 20220918202005.0
006 a|||||r|||| 00| 0
007 ta
008 220917b |||||||| |||| 00| 0 eng d
024 _a97,939
037 _cTextual
040 _aARTS
_cARTS
_beng
041 _2eng
_aeng
082 _aV2:2:(Z)qN75, M3
100 _aDube Rani
_9101643
245 0 _aEvil with ed by Timeri Murari
260 _aLondon
_bQmartet Books
_c1978
300 _a159p.
_ccm.
650 _aHISTORY
942 _hV2:2:(Z)qN75, M3
_cTEXL
_2CC
999 _c221533
_d221533